| 000 | 00000nam 2200000zi 4500 |
| 001 | 9.918262 |
| 003 | CaOODSP |
| 005 | 20231127105735 |
| 006 | m o d f |
| 007 | cr ||||||||||| |
| 008 | 221213t20222022onc o f000 0 tgl d |
| 020 | |a9780660467283 |
| 040 | |aCaOODSP|beng|erda|cCaOODSP |
| 043 | |an-cn--- |
| 086 | 1 |aH14-424/3-2022Tgl-PDF |
| 245 | 00|aBenepisyo para sa Ngipin sa Canada factsheet. |
| 264 | 1|aOttawa, ON : |bGovernment of Canada = Gouvernement du Canada, |c2022. |
| 264 | 4|c©2022 |
| 300 | |a1 online resource (1 page) |
| 336 | |atext|btxt|2rdacontent |
| 337 | |acomputer|bc|2rdamedia |
| 338 | |aonline resource|bcr|2rdacarrier |
| 500 | |aIssued also in English under title: Canada Dental Benefit factsheet. |
| 546 | |aText in Tagalog. |
| 650 | 0|aChildren|xDental care|zCanada|xFinance. |
| 650 | 0|aChildren|xDental care|xGovernment policy|zCanada. |
| 710 | 1 |aCanada. |bHealth Canada, |eissuing body. |
| 775 | 08|tCanada Dental Benefit factsheet.|w(CaOODSP)9.918252 |
| 792 | |tBenepisyo para sa Ngipin sa Canada factsheet.|efre|w(CaOODSP)9.918272 |
| 794 | |tBenepisyo para sa Ngipin sa Canada : |b(2023)|w(CaOODSP)9.925996 |
| 856 | 40|qPDF|s239 KB|uhttps://publications.gc.ca/collections/collection_2023/sc-hc/H14-424-3-2022-tgl.pdf |
| 986 | |a220657 |